[Event "TCh-CRO Women"]
[Site "Sibenik CRO"]
[Date "2010.09.10"]
[Round "7"]
[White "Medic,Mir"]
[Black "Peronja,D"]
[Result "1-0"]
[WhiteElo "2264"]
[BlackElo "1741"]

1.d4 d5 2.c4 e6 3.Nc3 Nf6 4.Nf3 Be7 5.Bf4 O-O 6.e3 a6 7.Qc2 Nh5 8.Bg3 Bf6
9.Bd3 g6 10.Be5 dxc4 11.Bxc4 b5 12.Be2 Nd7 13.Bxf6 Nhxf6 14.O-O Qe7 15.Rfc1 Bb7
16.a3 Rac8 17.b4 e5 18.Nd2 exd4 19.exd4 Qd6 20.Bf3 Bxf3 21.Nxf3 Nb6 22.Nd1 Rfe8
23.Nb2 Re7 24.Nd3 Nc4 25.Nde5 Nb6 26.h3 c6 27.Qc5 Qxc5 28.Rxc5 Rec7 29.Rac1 Nfd7
30.R5c2 Nxe5 31.Nxe5 f6 32.Rxc6 Rxc6 33.Nxc6 Kf8 34.Rc5 Nc4 35.a4 Nb2 36.axb5 axb5
37.d5 Ke8 38.Rxb5 Kd7 39.Rb7+ Rc7 40.Rb8 Kd6 41.Rd8+ Rd7 42.Rxd7+ Kxd7 43.Nd4 Kd6
44.Kf1 Kxd5 45.Nc2 Nc4 46.Ke2 Ne5 47.f4 Nc6 48.Kd3 Ne7 49.Ne3+ Kc6 50.Kc4 Nc8
51.b5+ Kd6 52.Kd4 Nb6 53.Nc4+ Nxc4 54.Kxc4 f5 55.g4  1-0

[Event "Montreal Open"]
[Site "Montreal CAN"]
[Date "2010.09.11"]
[Round "3"]
[White "Lenderman,A"]
[Black "Gerzhoy,L"]
[Result "0-1"]
[WhiteElo "2559"]
[BlackElo "2485"]

1.d4 d5 2.c4 e6 3.Nf3 Nf6 4.Nc3 Be7 5.Bf4 O-O 6.a3 c5 7.dxc5 Bxc5 8.e3 Nc6
9.Qc2 Qa5 10.O-O-O Be7 11.Kb1 Rd8 12.cxd5 Nxd5 13.Nxd5 exd5 14.Nd4 Bg4 15.f3 Nxd4
16.Rxd4 Rac8 17.Qb3 Be6 18.Bd3 Bc5 19.Qxb7 Bxd4 20.exd4 Qa4 21.Be5 Qd7 22.Qxd7 Bxd7
23.h4 f6 24.Bf4 Re8 25.Ka2 Re6 26.Bf5 Re7 27.Bd6 Rf7 28.Bd3 a5 29.h5 Ba4
30.Re1 Re8 31.Rc1 Rb7 32.Rc3 Bd1 33.Bf5 g6 34.hxg6 hxg6 35.Bxg6 Re2 36.Rc1 Rbxb2+
37.Ka1 Ra2+ 38.Kb1 Reb2+  0-1

[Event "TCh-CHN"]
[Site "Guangzhou CHN"]
[Date "2010.09.12"]
[Round "12"]
[White "Shen Yang"]
[Black "Ding Yixin"]
[Result "1-0"]
[WhiteElo "2444"]
[BlackElo "2315"]

1.d4 Nf6 2.c4 e6 3.Nf3 d5 4.Nc3 Be7 5.Bf4 O-O 6.e3 c5 7.dxc5 Bxc5 8.a3 Nc6
9.Qc2 Qa5 10.Nd2 Be7 11.Bg3 Bd7 12.Be2 Rfc8 13.O-O Qb6 14.b4 Bf8 15.Qb3 Ne7
16.Rad1 a6 17.Be5 Bc6 18.Bf3 Rd8 19.Bxf6 gxf6 20.cxd5 Bxd5 21.Bxd5 Nxd5 22.Nxd5 exd5
23.Nf3 a5 24.Rd4 axb4 25.axb4 Rac8 26.b5 Qe6 27.h3 Rc4 28.Rfd1 Rxd4 29.Rxd4 Bd6
30.Rg4+ Kf8 31.Qb1 Rc8 32.Nd4 Qe5 33.g3 h5 34.Rh4 Rc3 35.Qh7 Rxe3 36.Qh6+  1-0

[Event "TCh-CRO Women"]
[Site "Sibenik CRO"]
[Date "2010.09.12"]
[Round "9"]
[White "Medic,Mir"]
[Black "Samanic,Verena"]
[Result "1-0"]
[WhiteElo "2264"]
[BlackElo "1576"]

1.d4 d5 2.c4 e6 3.Nc3 Nf6 4.Nf3 Be7 5.Bf4 Nbd7 6.e3 O-O 7.c5 Re8 8.Nb5 Rf8
9.Bxc7 Qe8 10.Nd6 Bxd6 11.Bxd6 Qd8 12.Bxf8 Nxf8 13.b4 Bd7 14.Bd3 b6 15.O-O Ng6
16.Qe2 bxc5 17.bxc5 Bc6 18.Rfb1 Ne4 19.Rb3 h6 20.a4 Rc8 21.Ba6 Rc7 22.Bb5 Kh7
23.Bxc6 Rxc6 24.Rb7 Rc7 25.Rxc7 Qxc7 26.Qb5 Ne7 27.a5 Nc6 28.a6 Nd8 29.h3 Kg8
30.Ra3 Nf6 31.Qb1 Nd7 32.Rb3 f6 33.e4 Kh8 34.exd5 exd5 35.Qf5 Qc6 36.Nh4 Kg8
37.Ng6 Kf7 38.Nf4 Kf8 39.Re3 Nb8 40.Ng6+  1-0

[Event "EYCC Girls U18"]
[Site "Batumi GEO"]
[Date "2010.09.24"]
[Round "6"]
[White "Kazimova,N"]
[Black "Sargsyan,S"]
[Result "1-0"]
[WhiteElo "2260"]
[BlackElo "1986"]

1.d4 d5 2.c4 e6 3.Nc3 Nf6 4.Nf3 Be7 5.Bf4 O-O 6.e3 c5 7.dxc5 Bxc5 8.a3 Nc6
9.Qc2 Qa5 10.Rd1 Be7 11.Be2 dxc4 12.Bxc4 e5 13.Bg3 Bg4 14.O-O Bxf3 15.gxf3 a6
16.Nd5 Nxd5 17.Rxd5 Qc7 18.Bd3 Bf6 19.Bxh7+ Kh8 20.Qf5 Rfd8 21.Qh5 Rxd5 22.Be4+ Kg8
23.Qh7+ Kf8 24.Bxd5 Rd8 25.Qe4 a5 26.Rc1 Rd6 27.f4 Qd7 28.Bxc6 Rxc6 29.Rxc6 bxc6
30.fxe5 Be7 31.Qd4 Qf5 32.Kg2 g6 33.Qa4 Qb1 34.Qxc6 Qxb2 35.a4 Qb3 36.Bf4 Kg7
37.Qe4 Qd1 38.h3 Qb3 39.Qc6 Qa2 40.e4 Qe2 41.e6 g5 42.Bg3 f6 43.Qb7 Kf8 44.Bd6  1-0

[Event "EYCC Girls U14"]
[Site "Batumi GEO"]
[Date "2010.09.24"]
[Round "6"]
[White "Navrotescu,A"]
[Black "Cemhan,K"]
[Result "1/2-1/2"]
[WhiteElo "1910"]
[BlackElo "1813"]

1.d4 d5 2.c4 e6 3.Nc3 Nf6 4.Nf3 Be7 5.Bf4 O-O 6.e3 c5 7.dxc5 Bxc5 8.a3 Nc6
9.Qc2 dxc4 10.Bxc4 Qe7 11.Bg5 Bb6 12.O-O Bc7 13.Ne4 Ne5 14.Nxe5 Bxe5 15.f4 Bc7
16.Rf3 e5 17.Nxf6+ gxf6 18.Bh6 Kh8 19.Bxf8 Qxf8 20.f5 Rb8 21.Bd5 Bb6 22.Qc4 Qh6
23.Qe4 Bd7 24.Re1 Rg8 25.Bxf7 Rg5 26.Bd5 Qg7 27.Re2 Rg4 28.Qc2 Qg5 29.Qd2 Bxf5
30.Bxb7 Be6 31.Qd6 Bc4 32.Qf8+ Qg8 33.Qxg8+ Kxg8 34.Rc2 Bd3 35.Rc3 e4 36.Rg3 Rxg3
37.hxg3 Bxe3+ 38.Kh2 Bd4 39.Rc8+ Kf7 40.Bxe4 Bxe4 41.Rc4 Bxb2 42.Rxe4 Bxa3
43.Ra4 Bc5 44.Kh3 Kg6 45.Kg4 Bb6 46.Kf3 h6 47.g4 Kg5 48.Rb4 Kg6 49.Rb5 Bc7
50.Ke4 Bg3 51.Ra5 Bf2 52.Rf5 Be1 53.Rf1  1/2-1/2

[Event "39th Olympiad Men"]
[Site "Khanty-Mansiysk RUS"]
[Date "2010.09.25"]
[Round "5"]
[White "Han,Da"]
[Black "Noah,A"]
[Result "1-0"]
[WhiteElo "2200"]
[BlackElo "2397"]

1.d4 d5 2.Nf3 Nf6 3.c4 e6 4.Nc3 Be7 5.Bf4 O-O 6.e3 Nbd7 7.h3 a6 8.c5 Ne4
9.Qc2 f5 10.g4 c6 11.Be2 b6 12.cxb6 Qxb6 13.O-O Qd8 14.Kg2 Bb7 15.Rad1 Ra7
16.a3 a5 17.Rb1 c5 18.Nb5 Ra6 19.dxc5 Nexc5 20.Nbd4 fxg4 21.hxg4 Rb6 22.b4 axb4
23.axb4 Na6 24.Rh1 Nf6 25.Bxa6 Rxa6 26.b5 Rd6 27.Ng5 Qd7 28.Bxd6 Bxd6 29.Nxh7 e5
30.Qf5 Qe7 31.Nc6 Qe8 32.Nxf8 Bxf8 33.g5 Bc8 34.Qxe5 Qg6 35.Rbc1 Bf5 36.Qf4 Nd7
37.Nd4 Be4+ 38.f3 Bd6 39.Rc8+ Nf8 40.Rxf8+ Bxf8 41.fxe4  1-0

[Event "39th Olympiad Men"]
[Site "Khanty-Mansiysk RUS"]
[Date "2010.09.25"]
[Round "5"]
[White "Leitao,R"]
[Black "Ghaem Maghami,E"]
[Result "1/2-1/2"]
[WhiteElo "2624"]
[BlackElo "2594"]

1.d4 d5 2.c4 e6 3.Nf3 Nf6 4.Nc3 Be7 5.Bf4 O-O 6.e3 Nbd7 7.a3 c5 8.cxd5 Nxd5
9.Nxd5 exd5 10.dxc5 Nxc5 11.Be2 Bf6 12.Be5 Bf5 13.O-O Be4 14.Bxf6 Qxf6 15.Nd4 Ne6
16.Nxe6 fxe6  1/2-1/2

[Event "39th Olympiad Men"]
[Site "Khanty-Mansiysk RUS"]
[Date "2010.09.25"]
[Round "5"]
[White "Macieja,B"]
[Black "L'Ami,E"]
[Result "1/2-1/2"]
[WhiteElo "2651"]
[BlackElo "2624"]

1.Nf3 Nf6 2.c4 e6 3.Nc3 d5 4.d4 Be7 5.Bf4 O-O 6.e3 Nbd7 7.cxd5 exd5 8.Bd3 c6
9.h3 Re8 10.O-O Nf8 11.Qc2 Ng6 12.Bh2 Bd6 13.Bxd6 Qxd6 14.Rab1 a5 15.a3 Ne7
16.Na4 g6 17.Nc5 Nd7 18.b4 axb4 19.axb4 b6 20.Na4 b5 21.Nc3 Nb6 22.e4 Nc4
23.Qc1 Kg7 24.e5 Qd8 25.Qf4 Ng8 26.Ra1 Be6 27.Ng5 Qe7 28.Qh4 h6 29.Nxe6+ Qxe6
30.f4 Qe7 31.Qxe7 Nxe7 32.g4 Nd2 33.Rxa8 Rxa8 34.Rf2 Ra3 35.Rxd2 Rxc3 36.Kf2 Rb3
37.Ke3 Rxb4 38.Ra2 f5 39.Ra7 Kf8 40.Rd7 Rb3 41.Kd2 b4 42.Rb7 h5 43.g5 Kf7
44.Kc2 Rc3+ 45.Kd2 Rb3 46.Kc2 Rc3+ 47.Kd2 Rb3  1/2-1/2

[Event "EYCC Girls U16"]
[Site "Batumi GEO"]
[Date "2010.09.27"]
[Round "8"]
[White "Foisor,M"]
[Black "Kuchava,A"]
[Result "1-0"]
[WhiteElo "2210"]
[BlackElo "2001"]

1.d4 d5 2.c4 e6 3.Nc3 Be7 4.Nf3 Nf6 5.Bf4 c5 6.dxc5 Bxc5 7.e3 Nc6 8.a3 O-O
9.Qc2 Qa5 10.O-O-O Be7 11.g4 dxc4 12.Bxc4 Nxg4 13.Rhg1 Qh5 14.h3 Nf6 15.Be2 Qf5
16.Bd3 Qh5 17.Ng5 e5 18.Be2 Qg6 19.Nge4 exf4 20.Rxg6 hxg6 21.Ng5 fxe3 22.fxe3 Ng4
23.hxg4 Bxg5 24.Kb1 Bxe3 25.Qe4 Bg5 26.Bc4 Bf6 27.Nd5 Ne5 28.Qxe5 Bxg4 29.Nxf6+ gxf6
30.Qxf6 Bxd1 31.Qxg6+ Kh8 32.Qh6+ Kg8 33.Bd3 f5 34.Bc4+ Rf7 35.Qg6+ Kh8 36.Qxf7 Bg4
37.Qg6  1-0

[Event "USCL"]
[Site "ICC INT"]
[Date "2010.09.27"]
[Round "6"]
[White "Kaufman,La"]
[Black "Rensch,D"]
[Result "1-0"]
[WhiteElo "2413"]
[BlackElo "2404"]

1.d4 Nf6 2.c4 e6 3.Nf3 d5 4.Nc3 Be7 5.Bf4 O-O 6.a3 a6 7.e3 Nh5 8.Bg3 dxc4
9.Bxc4 Nd7 10.Qc2 c6 11.Be2 Nxg3 12.hxg3 g6 13.O-O-O Qa5 14.Rh6 Rd8 15.Rdh1 Nf8
16.Ne4 Bd7 17.Ne5 Be8 18.g4 Rac8 19.Kb1 c5 20.dxc5 Ba4 21.b3 Bc6 22.Nxc6 Rxc6
23.Qb2 f5 24.b4 Qc7 25.gxf5 gxf5 26.Nf6+ Bxf6 27.Qxf6 Rd2 28.R1h5 Qg7 29.Rg5 Ng6
30.Rhxg6 hxg6 31.Rxg6 Qxg6 32.Qxg6+ Kf8 33.Qf6+ Ke8 34.Bf3  1-0

[Event "39th Olympiad Men"]
[Site "Khanty-Mansiysk RUS"]
[Date "2010.09.27"]
[Round "6"]
[White "Nezad,H"]
[Black "Gentilleau,JP"]
[Result "1-0"]
[WhiteElo "2394"]
[BlackElo "2182"]

1.d4 d5 2.c4 e6 3.Nc3 Be7 4.Nf3 Nf6 5.Bf4 O-O 6.e3 c5 7.dxc5 Bxc5 8.cxd5 Nxd5
9.Nxd5 exd5 10.a3 Nc6 11.Bd3 Bd6 12.Bxd6 Qxd6 13.O-O Qf6 14.Qb3 Rd8 15.Rad1 Bg4
16.Be2 Ne5 17.Nd4 Bxe2 18.Nxe2 Nc4 19.Rd4 Qb6 20.Qxb6 Nxb6 21.h4 f6 22.Nf4 Rd7
23.Rfd1 Rad8 24.b3 Kf7 25.a4 a5 26.Rc1 g5 27.Nd3 h6 28.Rc5 Nc8 29.hxg5 hxg5
30.Rxa5 Ne7 31.Nb4 Rc7 32.g3 Rc3 33.Rd3 Rc1+ 34.Kg2 g4 35.Na2 Ra1 36.Nc3 Rc1
37.Ne2 Rb1 38.Rc5 Rb2 39.Nd4 Rh8 40.Rdc3 Rh3 41.Rc2 Rb1 42.Rc1  1-0

[Event "39th Olympiad Men"]
[Site "Khanty-Mansiysk RUS"]
[Date "2010.09.28"]
[Round "7"]
[White "Jakovenko,D"]
[Black "Ghaem Maghami,E"]
[Result "1-0"]
[WhiteElo "2726"]
[BlackElo "2594"]

1.d4 d5 2.Nf3 Nf6 3.c4 e6 4.Nc3 Be7 5.Bf4 O-O 6.Rc1 dxc4 7.e4 c5 8.Bxc4 cxd4
9.Nxd4 a6 10.e5 Nd5 11.Nxd5 exd5 12.Bb3 Nd7 13.O-O Nc5 14.Bc2 Qb6 15.b3 Bd7
16.Be3 Qb4 17.f4 Rfe8 18.f5 Bf6 19.exf6 Rxe3 20.Qg4 g6 21.Rcd1 Ne4 22.Qf4 Rc3
23.Bxe4 dxe4 24.Ne6 fxe6 25.fxg6  1-0

[Event "21st Open"]
[Site "Goch GER"]
[Date "2010.09.30"]
[Round "1.31"]
[White "Stefkovic,Mari"]
[Black "Van der Valk,R"]
[Result "1-0"]
[WhiteElo "2133"]
[BlackElo "1834"]

1.d4 d5 2.c4 e6 3.Nc3 Nf6 4.Nf3 Be7 5.Bf4 c6 6.e3 O-O 7.Rc1 Nbd7 8.h3 Re8
9.Bd3 dxc4 10.Bxc4 Nb6 11.Bd3 Nbd5 12.Be5 Nxc3 13.bxc3 b5 14.O-O h6 15.Qe2 a6
16.e4 Bb7 17.Rfd1 Qb6 18.c4 Rac8 19.c5 Qd8 20.Bb1 b4 21.Qc2 g6 22.Qd2 Bf8
23.Qxb4 Re7  1-0

[Event "39th Olympiad Men"]
[Site "Khanty-Mansiysk RUS"]
[Date "2010.09.30"]
[Round "9"]
[White "Tomashevsky,E"]
[Black "Toufighi,H"]
[Result "1/2-1/2"]
[WhiteElo "2701"]
[BlackElo "2499"]

1.d4 d5 2.c4 e6 3.Nc3 Be7 4.Nf3 Nf6 5.Bf4 O-O 6.e3 Nbd7 7.Qc2 c5 8.dxc5 Nxc5
9.Be2 dxc4 10.Bxc4 a6 11.a4 Nd5 12.Bxd5 exd5 13.O-O Be6 14.b4 Ne4 15.Nxe4 dxe4
16.Qxe4 Bd5 17.Qf5 Bxf3 18.gxf3 Bxb4 19.Rfd1 Qb6 20.Rd7 Qc6 21.Kg2 Rac8 22.Be5 b6
23.Rad1 Qg6+ 24.Qxg6 hxg6 25.Bc7 Bc5 26.Rb1 a5 27.Rb5 Rfe8 28.Bxb6 Bxb6 29.Rxb6 Rc4
30.Rbb7 Rf8 31.Ra7 Rxa4 32.e4 Ra1 33.h4 a4 34.e5 a3 35.e6 Re1 36.exf7+ Kh7
37.Rxa3 Re6 38.Kg3 Rf6 39.Raa7 Rf5 40.Kg4 Rf6 41.Re7 Kh6 42.f4 Kh7 43.Kf3 Kh6
44.Ke4 Kh7 45.Kf3 Kh6 46.Kg3 Kh7 47.f3 Kh6 48.Kg4 Kh7 49.Ra5 R8xf7 50.Rxf7 Rxf7
51.f5 gxf5+ 52.Rxf5 Ra7 53.Rh5+ Kg8 54.Rb5 Ra1 55.h5 Rh1 56.Kg5 Kh7 57.Rb4 Rg1+
58.Rg4 Rf1 59.f4 Rf2 60.Rg1 Ra2 61.Re1 Rg2+ 62.Kf5 Rh2 63.Kg4 Rg2+ 64.Kh3 Ra2
65.Re6 Ra1 66.Re5  1/2-1/2

[Event "OIS"]
[Site "Munich GER"]
[Date "2010.09.30"]
[Round "6"]
[White "Raykhman,A"]
[Black "Ankerst,Mil"]
[Result "1-0"]
[WhiteElo "2389"]
[BlackElo "2113"]

1.d4 Nf6 2.c4 e6 3.Nf3 d5 4.Nc3 Be7 5.Bf4 O-O 6.e3 c5 7.dxc5 dxc4 8.Qc2 Bxc5
9.Bxc4 Nc6 10.O-O Qe7 11.Bg5 Qc7 12.Bxf6 gxf6 13.Qe4 Ne5 14.Bb3 Nxf3+ 15.Qxf3 Qe5
16.Rad1 Rb8 17.Nd5 Kg7 18.Nxf6 b6 19.Ng4 Qg5 20.h4 Qxh4 21.Qf4 Bb7 22.Rd7 Be7
23.Rxe7 Qxe7 24.Qh6+ Kh8 25.Nf6 Be4 26.Nxe4 f5 27.Ng5 Rf6 28.Qh4 Rg6 29.Qd4+ Kg8
30.Qe5 Re8 31.Nxe6 Rxe6 32.Qxf5  1-0

[Event "9th Sparkassen Open"]
[Site "Forchheim GER"]
[Date "2010.10.01"]
[Round "1"]
[White "Prusikin,M"]
[Black "Schroeder,Ja"]
[Result "1/2-1/2"]
[WhiteElo "2522"]
[BlackElo "2108"]

1.d4 d5 2.c4 e6 3.Nf3 Nf6 4.Nc3 Be7 5.Bf4 O-O 6.e3 Nbd7 7.c5 Nh5 8.Bd3 Nxf4
9.exf4 c6 10.Qc2 h6 11.O-O b6 12.b4 a5 13.a3 Qc7 14.g3 Ba6 15.Rfc1 Bxd3 16.Qxd3 b5
17.Nd1 axb4 18.axb4 Ra7 19.Ne3 Rfa8 20.Qc3 Bf6 21.Nc2 Ra4 22.Kg2 R8a6 23.h4 h5
24.Rxa4 Rxa4 25.Nd2 Qa7 26.Re1 g6 27.Nb3 Ra6 28.Re2 Kg7 29.Qe1 Nf8 30.Qb1 Ra4
31.Re3 Qa8 32.Nc1 Nd7 33.Nd3 Ra2 34.Nc1 Ra4 35.Rb3 Nb8 36.Rb2 Qa7 37.Nd3 Qa8
38.Kf3 Qa7 39.Ke2 Qa8 40.Kd2 Qa7 41.Nc1 Kf8 42.Ne2 Nd7 43.Nc3 Ra6 44.Qf1 Qc7
45.Rb3 Ra8 46.Kc1 Bg7 47.Qe2 Nf6 48.Qd3 Ng4 49.Nd1 Ra4 50.Ra3 Qa7 51.Rxa4 Qxa4
52.Kb2 Ke7 53.f3 Nh6 54.Nde3 Qa7 55.Qe2 Qc7 56.Qe1 Qa7 57.Qe2  1/2-1/2

[Event "21st Open"]
[Site "Goch GER"]
[Date "2010.10.01"]
[Round "3.5"]
[White "Siebrecht,S"]
[Black "Busch,C"]
[Result "1-0"]
[WhiteElo "2421"]
[BlackElo "2121"]

1.d4 d5 2.c4 e6 3.Nc3 Nf6 4.Nf3 Be7 5.Bf4 c6 6.e3 Nbd7 7.h3 O-O 8.Bd3 dxc4
9.Bxc4 b5 10.Bd3 Bb7 11.O-O a6 12.a4 b4 13.Nb1 c5 14.Nbd2 cxd4 15.exd4 a5
16.Rc1 Nd5 17.Bh2 Ba6 18.Nc4 Rc8 19.Qe2 Rc6 20.Nfe5 Nxe5 21.Nxe5 Bxd3 22.Qxd3 Rxc1
23.Rxc1 Bd6 24.Rc6 Bc7 25.Bg3 Re8 26.Qb5 Qb8 27.Nd7 Qxb5 28.axb5 Bxg3 29.fxg3 Nf6
30.Nc5 Nd5 31.Ra6 h5 32.b6 Rb8 33.b7 Ne7 34.Ra8  1-0

[Event "39th Olympiad Men"]
[Site "Khanty-Mansiysk RUS"]
[Date "2010.10.01"]
[Round "10"]
[White "Pashikian,A"]
[Black "Babula,V"]
[Result "1/2-1/2"]
[WhiteElo "2639"]
[BlackElo "2515"]

1.d4 Nf6 2.Nf3 e6 3.c4 d5 4.Nc3 Be7 5.Bf4 O-O 6.a3 b6 7.cxd5 Nxd5 8.Nxd5 exd5
9.e3 c5 10.Bd3 c4 11.Bc2 Nc6 12.h4 h5 13.Ng5  1/2-1/2

[Event "39th Olympiad Men"]
[Site "Khanty-Mansiysk RUS"]
[Date "2010.10.01"]
[Round "10"]
[White "Grischuk,A"]
[Black "Wang Hao"]
[Result "1-0"]
[WhiteElo "2760"]
[BlackElo "2724"]

1.d4 Nf6 2.c4 e6 3.Nf3 d5 4.Nc3 Be7 5.Bf4 O-O 6.e3 Nbd7 7.c5 c6 8.b4 b6 9.h3 a5
10.a3 Bb7 11.Bd3 Qc8 12.O-O Ba6 13.Rb1 Bxd3 14.Qxd3 Qb7 15.Qc2 axb4 16.axb4 h6
17.Rfc1 Rfc8 18.Ne1 Ra3 19.Nd3 Qa8 20.Qb2 Ne4 21.Ra1 Rxa1 22.Rxa1 Qb7 23.Nd1 Ra8
24.Ra2 Rxa2 25.Qxa2 bxc5 26.bxc5 Qb5 27.Qc2 Bd8 28.f3 Nef6 29.N1b2 Ba5 30.Qa4 Qxa4
31.Nxa4 Kf8 32.Nc1 Ne8 33.Nb3 Bc7 34.Bxc7 Nxc7 35.Na5 Nb8 36.Nb2 Ke7 37.Nd3 f6
38.Kf2 Kd7 39.e4 Nb5 40.Ke3 Na6 41.e5 f5 42.g4 fxg4 43.hxg4 g5 44.Nb3 Na3
45.f4 Nc4+ 46.Kf3 gxf4 47.Kxf4 Ke7 48.Kg3 Kf7 49.Kh4 Kg6 50.Nf4+ Kf7 51.Nd3 Kg6
52.Nf4+ Kf7 53.Kh5 Ne3 54.Nd3 Nb8 55.Na5 Nc2 56.Nb3 Ne3 57.Nb4 Ke7 58.Na5 Kd7
59.Nd3 Ke7 60.Nb4 Kd7 61.Nd3 Ke7 62.Nf2  1-0

[Event "39th Olympiad Men"]
[Site "Khanty-Mansiysk RUS"]
[Date "2010.10.01"]
[Round "10"]
[White "Bruzon Batista,L"]
[Black "Abdel Razik,K"]
[Result "1-0"]
[WhiteElo "2679"]
[BlackElo "2480"]

1.Nf3 Nf6 2.c4 e6 3.Nc3 d5 4.d4 Be7 5.Bf4 O-O 6.e3 c5 7.dxc5 Nc6 8.Qc2 Bxc5
9.Rd1 Qa5 10.a3 Be7 11.Be2 dxc4 12.Bxc4 a6 13.O-O Nh5 14.Bd6 Bxd6 15.Rxd6 Nf6
16.Rfd1 Ne5 17.Be2 Nxf3+ 18.Bxf3 Qc7 19.Qa4 Rb8 20.Qd4 b5 21.Ne4 Nxe4 22.Bxe4 a5
23.Rc6 Qe7 24.Qe5 Rd8 25.Rxd8+ Qxd8 26.Rd6 Qf8 27.h4 b4 28.a4 b3 29.Qd4 e5
30.Qxe5 Bb7 31.Rb6 Re8 32.Bxh7+ Kxh7 33.Qh5+ Kg8 34.Rxb7 Rc8 35.Qf5 Rc1+
36.Kh2 Rc4 37.g3 Rc5 38.Qf4 Rc2 39.Rxb3 Rc8 40.Rb5 Qe8 41.Rxa5 g6 42.Rb5 Kg7
43.Qe5+  1-0

[Event "39th Olympiad Men"]
[Site "Khanty-Mansiysk RUS"]
[Date "2010.10.01"]
[Round "10"]
[White "Volodin,Alek"]
[Black "Halkias,S"]
[Result "1/2-1/2"]
[WhiteElo "2433"]
[BlackElo "2577"]

1.d4 d5 2.c4 e6 3.Nc3 Be7 4.Nf3 Nf6 5.Bf4 O-O 6.e3 Nbd7 7.c5 c6 8.h3 b6 9.b4 a5
10.a3 Ba6 11.Bxa6 Rxa6 12.O-O Qc8 13.Qc2 Qb7 14.Rab1 axb4 15.axb4 b5 16.g4 Rfa8
17.Rfc1 Bd8 18.Nd2 Nf8 19.Nb3 Ng6 20.Bg3 Bc7 21.Bxc7 Qxc7 22.f4  1/2-1/2

[Event "39th Olympiad Men"]
[Site "Khanty-Mansiysk RUS"]
[Date "2010.10.03"]
[Round "11"]
[White "Mamedyarov,S"]
[Black "Jakovenko,D"]
[Result "1/2-1/2"]
[WhiteElo "2756"]
[BlackElo "2726"]

1.d4 Nf6 2.c4 e6 3.Nf3 d5 4.Nc3 Be7 5.Bf4 O-O 6.a3 b6 7.e3 c5 8.Qc2 Bb7 9.Rd1 Nbd7
10.cxd5 Nxd5 11.Nxd5 exd5 12.Bd3 Nf6 13.dxc5 bxc5 14.Be5 Qa5+ 15.Bc3 Qb6
16.O-O g6 17.b4 c4 18.Be2 Ne4 19.Bd4 Qe6 20.Nd2 Nd6 21.Nb1 a5 22.Bb2 axb4
23.axb4 Ne4 24.Nc3 Bxb4 25.Nxe4 Qxe4 26.Qxe4 dxe4 27.Bxc4 Rac8  1/2-1/2

[Event "39th Olympiad Women"]
[Site "Khanty-Mansiysk RUS"]
[Date "2010.10.03"]
[Round "11"]
[White "Sachdev,T"]
[Black "Zatonskih,A"]
[Result "1/2-1/2"]
[WhiteElo "2382"]
[BlackElo "2480"]

1.d4 d5 2.c4 e6 3.Nf3 Nf6 4.Nc3 Be7 5.Bf4 O-O 6.e3 b6 7.cxd5 Nxd5 8.Nxd5 Qxd5
9.a3 c5 10.Bd3 cxd4 11.exd4 Bb7 12.O-O Nc6 13.Re1 Rad8 14.Be4 Qd7 15.Qc2 Nxd4
16.Nxd4 Qxd4 17.Bxh7+ Kh8 18.Be5 Qd2 19.Re3 Qxc2 20.Bxc2 Kg8 21.Bc3 Bd5 22.Rd1 Rc8
23.h4 Rfd8 24.h5 Bf6 25.Rdd3 Bxc3 26.Rxc3 f5 27.Bb3 Rxc3 28.Rxc3 Bxb3 29.Rxb3 Rd1+
30.Kh2 Rd2 31.f4 Kh7 32.Kh3 Rd4 33.Re3 Rxf4 34.Rxe6 Rf2 35.b4 Ra2 36.Re3 Kh6
37.g4 Kg5 38.gxf5 Kxf5 39.Rg3 b5 40.Rxg7 Rxa3+ 41.Kh4 Ra1 42.Rf7+ Ke6 43.Rf4 a5
44.bxa5 Rxa5 45.h6 Ra1 46.Kh5 Rh1+ 47.Kg6 Rg1+ 48.Kh5  1/2-1/2

[Event "Tatry Open"]
[Site "Tatranske Zruby CZE"]
[Date "2010.10.04"]
[Round "4"]
[White "Krak,T"]
[Black "Mikulas,D"]
[Result "0-1"]
[WhiteElo "2245"]
[BlackElo "2122"]

1.Nf3 Nf6 2.c4 e6 3.Nc3 d5 4.d4 Be7 5.Bf4 c6 6.e3 Nbd7 7.c5 Nh5 8.Bd3 Nxf4
9.exf4 b6 10.b4 bxc5 11.bxc5 Qa5 12.Qd2 Bf6 13.Rc1 Qc7 14.O-O O-O 15.g3 a5
16.Qc2 h6 17.h4 Ba6 18.Bxa6 Rxa6 19.Rb1 Raa8 20.Rb2 Rab8 21.Rfb1 Rxb2 22.Rxb2 Rb8
23.Qb1 Rxb2 24.Qxb2 Qa7 25.Qb3 Kf8 26.Na4 Ke7 27.Nb6 Kd8 28.Nxd7 Kxd7 29.a4 Kc7
30.h5 Qa6 31.Kg2 Kc8 32.g4 Bd8 33.Ne5 f6 34.Nf3 Bc7 35.Qe3 Kb7 36.g5 Qc4
37.gxf6 gxf6 38.Qxe6 Qxa4 39.Qxf6 Qd1 40.Qe7 a4 41.Ne5 Qxd4 42.Qd7 Qxc5 43.Nf7 d4
44.f5 Qd5+ 45.Qxd5 cxd5 46.f6 d3 47.Nxh6 d2 48.f7 Bd6 49.Nf5 Bf8 50.h6 d1=Q  0-1

[Event "Karen Asrian Memorial"]
[Site "Jermuk ARM"]
[Date "2010.10.08"]
[Round "4"]
[White "Simonian,T"]
[Black "Mezhlumian,V"]
[Result "1-0"]
[WhiteElo "2319"]
[BlackElo "2160"]

1.d4 Nf6 2.Nf3 e6 3.c4 d5 4.Nc3 Be7 5.Bf4 O-O 6.e3 dxc4 7.Bxc4 a6 8.a3 Nbd7
9.e4 b5 10.Bd3 Bb7 11.Qc2 g6 12.b4 Nh5 13.Bh6 Re8 14.O-O Bf6 15.Be2 e5 16.Rad1 exd4
17.Nxd4 Ng7 18.Bg4 Ne6 19.Nxe6 fxe6 20.f4 Qc8 21.e5 Bg7 22.Bg5 c5 23.Ne4 Bxe4
24.Qxe4 cxb4 25.axb4 Ra7 26.Rd6 Nf8 27.Rfd1 a5 28.Qd4 Qc7 29.Bd8 Qf7 30.Bb6 Raa8
31.bxa5 g5 32.Bf3 Rac8 33.a6 gxf4 34.a7 Rc4 35.Qb2 Ra4 36.Qxb5 Rxa7 37.Bxa7 Qxa7+
38.Kh1 Rb8 39.Qc4 Qa5 40.Qxf4 Qxe5 41.Qc4 Qg5 42.Rc6 Be5 43.Qg4 Qg7 44.g3 Bf6
45.Qxg7+ Kxg7 46.Be4 Re8 47.Rc7+ Re7 48.Rxe7+ Bxe7 49.Kg2 h6 50.Kf3 Kf6 51.Kg4 Kg7
52.Kh5 Bg5 53.Bc2 Kf6 54.Kg4 Ke7 55.h4 Be3 56.Re1 Bd2 57.Re2 Bc1 58.Bb3 Kf6
59.Ba2 Kf7 60.Kh5 Kf6 61.Bb3 Kf7 62.Kg4 Kf6 63.Rf2+ Ke7 64.Rf1 Bd2 65.Rf2 Bc3
66.Re2 Kf7 67.Kh5 Bg7 68.Rf2+ Ke7 69.Re2 Kf7 70.Bc4 Ke7 71.Re3 Kf7 72.Rf3+ Ke7
73.Bb5 e5 74.Bc4 Ne6 75.Bxe6 Kxe6 76.Kg6  1-0

[Event "Tatry Open"]
[Site "Tatranske Zruby CZE"]
[Date "2010.10.08"]
[Round "8"]
[White "Papan,C"]
[Black "Tropp,O"]
[Result "1-0"]
[WhiteElo "2091"]
[BlackElo "1973"]

1.d4 e6 2.c4 d5 3.Nf3 Nf6 4.Nc3 Be7 5.Bf4 O-O 6.e3 c5 7.Bd3 a6 8.O-O Nc6
9.a3 dxc4 10.Bxc4 b5 11.Be2 Bb7 12.Rc1 c4 13.Qc2 Na5 14.Ne5 Nb3 15.Rcd1 Qb6
16.Bg5 Rfd8 17.Ng4 Nxg4 18.Bxe7 Qc7 19.Bxg4 Qxe7 20.Qe2 Rd6 21.Rfe1 Rad8
22.Bf3 Bxf3 23.Qxf3 Qd7 24.Qh5 Qb7 25.Qg4 Kh8 26.Qf4 h6 27.h3 a5 28.a4 bxa4
29.Nxa4 Qb4 30.Nc3 a4 31.Qxf7 a3 32.Na2 Qa5 33.bxa3 Qxa3 34.Nc3 Qa5 35.Ne4 Rc6
36.Rb1 Qa3 37.Qg6 Rf8 38.d5 Ra6 39.d6 Nc5 40.Nxc5 Qxc5 41.Rb7 Rg8 42.d7 Qd6
43.Qc2 Qd3 44.Rc1 Rd6 45.Qxc4 Rxd7 46.Qxd3 Rxd3 47.Rcc7 Kh7 48.h4 Rd1+ 49.Kh2 Rd2
50.Kg3 Ra2 51.Re7 Ra6 52.h5 Rc6 53.f4 Ra6 54.Kf3 Rc6 55.g4 Ra6 56.f5 exf5
57.gxf5 Kh8 58.Kf4 Ra1 59.e4 Ra2 60.Rf7  1-0

[Event "Continental Class Ch"]
[Site "Arlington USA"]
[Date "2010.10.09"]
[Round "5"]
[White "Holt,C"]
[Black "Santarius,E"]
[Result "0-1"]
[WhiteElo "2403"]
[BlackElo "2249"]

1.d4 d5 2.c4 e6 3.Nc3 Be7 4.Nf3 Nf6 5.Bf4 O-O 6.e3 c6 7.Qc2 Nbd7 8.a3 b6
9.Rd1 Bb7 10.Bd3 Qc8 11.O-O dxc4 12.Bxc4 c5 13.d5 exd5 14.Nxd5 Nxd5 15.Bxd5 Bxd5
16.Rxd5 Qc6 17.Rd2 Rfd8 18.Nd4 Qb7 19.Nf5 Nf8 20.Be5 Ne6 21.Bxg7 Rxd2 22.Qxd2 Nxg7
23.Qd5 Qxd5 24.Nxe7+ Kf8 25.Nxd5 Ne6 26.Rd1 c4 27.Kf1 Rc8 28.Ke2 b5 29.Nc3 Ke7
30.Rd5 a6 31.Ne4 Rc6 32.Kd2 Nf8 33.Kc3 Nd7 34.Rh5 Re6 35.Ng3 Nf6 36.Rh4 Re5
37.h3 Rg5 38.Rd4 Nd5+ 39.Kd2 Nb6 40.Kc2 Nd7 41.h4 Rc5 42.e4 Ne5 43.Nf5+ Ke8
44.Rd6 Nd3 45.Rxa6 Nxf2 46.Nd6+ Kd7 47.Nxf7 Nxe4 48.Rh6 Rf5 49.Rxh7 Rf2+
50.Kb1 Nc5 51.Ng5+ Kc6 52.Rf7 Rxg2 53.Rf6+ Kb7 54.b4 cxb3 55.Rf3 Kc6 56.Rc3 Kd5
57.Nf3 Rf2 58.Ne1  0-1

[Event "TCh-SWE Elitserien 2010-11"]
[Site "Sweden SWE"]
[Date "2010.10.09"]
[Round "2"]
[White "Volodin,Alek"]
[Black "Madebrink,L"]
[Result "1-0"]
[WhiteElo "2433"]
[BlackElo "2247"]

1.d4 d5 2.c4 e6 3.Nc3 Be7 4.Nf3 Nf6 5.Bf4 O-O 6.e3 c5 7.dxc5 Bxc5 8.a3 Nc6
9.Be2 a5 10.O-O dxc4 11.Qc2 Qe7 12.Bxc4 h6 13.Rfd1 e5 14.Bg3 Bg4 15.Nd5 Nxd5
16.Rxd5 Be6 17.Bh4 g5 18.Bxg5 hxg5 19.Rxc5 Bxc4 20.Rxc4 f6 21.h4 gxh4 22.Rg4+ Kf7
23.Qg6+ Ke6 24.Rd1  1-0

[Event "Schachbundesliga 2010-11"]
[Site "Bremen GER"]
[Date "2010.10.10"]
[Round "2"]
[White "Efimenko,Z"]
[Black "Kraemer,Mart"]
[Result "1-0"]
[WhiteElo "2683"]
[BlackElo "2516"]

1.Nf3 d5 2.d4 Nf6 3.c4 e6 4.Nc3 Be7 5.Bf4 O-O 6.e3 Nbd7 7.c5 Nh5 8.Bd3 Nxf4
9.exf4 b6 10.b4 c6 11.O-O Qc7 12.Ne5 Nxe5 13.fxe5 Rb8 14.Ne2 bxc5 15.bxc5 Qa5
16.Qc2 g6 17.Rfb1 Ba6 18.Bxa6 Qxa6 19.g3 Rfc8 20.Nc1 Bg5 21.f4 Bd8 22.Kf2 Ba5
23.Ke3 Qf1 24.Nd3 Qh3 25.Rb3 Qf5 26.Qg2 g5 27.g4 gxf4+ 28.Nxf4 Qg5 29.Qg3 Rxb3+
30.axb3 Rb8 31.Ke2 Rxb3 32.Qxb3 Qxf4 33.Qe3 Qxh2+ 34.Kd3 Bb4 35.Rxa7 h6 36.Ra1 Kg7
37.Rb1 Qa2 38.Qc1 Qa6+ 39.Ke3 Ba5 40.Qf1 Qa8 41.Ra1  1-0

[Event "TCh-ISL Div 1 2010-11"]
[Site "Reykjavik ISL"]
[Date "2010.10.10"]
[Round "4.4"]
[White "Adly,A"]
[Black "Hreinsson,H"]
[Result "1-0"]
[WhiteElo "2630"]
[BlackElo "2271"]

1.d4 d5 2.c4 e6 3.Nc3 Nf6 4.Nf3 Be7 5.Bf4 c6 6.e3 O-O 7.h3 Re8 8.Qc2 Nbd7
9.g4 dxc4 10.Bxc4 Nf8 11.O-O-O b5 12.Bd3 Qa5 13.Kb1 Bb7 14.e4 b4 15.Na4 c5
16.Nxc5 Bxc5 17.dxc5 Rec8 18.Bd6 N8d7 19.e5 Bxf3 20.exf6 Nxf6 21.g5 Nd5 22.Bxh7+ Kh8
23.Bd3 Rab8 24.Qc4 Nc3+ 25.Ka1 Kg8 26.bxc3 b3 27.a4 Bd5 28.Qd4 Rxc5 29.Qxc5  1-0